| 000 | 00917nam a2200217 a 4500 | ||
|---|---|---|---|
| 003 | 0 | ||
| 005 | 20250310150337.0 | ||
| 008 | 080827s19uu xx 00 eng d | ||
| 050 |
_aPGS BV 4647.E556 _b.R218 2008 |
||
| 100 | _aRapisura, Gabriel Derrick O. | ||
| 245 |
_aChurch involvement and empathy / _cGabriel Derrick O. Rapisura. |
||
| 260 |
_aLas PiƱas City, Philippines : _bSouthville International School and Colleges, _c2008. |
||
| 300 |
_a40 pages : _bcolored illustrations ; _c28 cm. |
||
| 504 | _aIncludes bibliographical references. | ||
| 650 |
_aEmpathy _vReligious aspects _vCatholic Church. |
||
| 650 |
_aChildren _vReligious life _vCatholic Church. |
||
| 650 |
_aReligious participation _vEffects on personality development. |
||
| 650 |
_aChurch attendance _vSocial and emotional impact on youth. |
||
| 650 |
_aMoral development _vReligious aspects _v Christianity. |
||
| 942 |
_2lcc _cPASS |
||
| 999 |
_c98034 _d98034 |
||